[Event "MP do 16 lat - chlopcy"]
[Site "Sypniewo"]
[Date "2022.03.21"]
[Round "3.13"]
[White "Wilk, Igor"]
[Black "Taranowicz, Michal"]
[Result "1-0"]
[BlackElo "1965"]
[WhiteElo "1753"]
[LiveChessVersion "1.4.8"]

1. e4 {[%clk 1:30:58]} c5 {[%clk 1:30:56]} 2. Nf3 {[%clk 1:31:22]} g6
{[%clk 1:31:22]} 3. c4 {[%clk 1:31:49]} Nc6 {[%clk 1:31:45]} 4. d4
{[%clk 1:32:10]} cxd4 {[%clk 1:32:08]} 5. Nxd4 {[%clk 1:32:35]} Nf6
{[%clk 1:32:32]} 6. Nc3 {[%clk 1:32:58]} d6 {[%clk 1:32:58]} 7. Be2
{[%clk 1:32:45]} Nxd4 {[%clk 1:33:23]} 8. Qxd4 {[%clk 1:33:10]} Bg7
{[%clk 1:33:49]} 9. Be3 {[%clk 1:32:51]} O-O {[%clk 1:34:14]} 10. Qd2
{[%clk 1:33:04]} Be6 {[%clk 1:34:31]} 11. Rc1 {[%clk 1:30:02]} Qa5
{[%clk 1:34:53]} 12. f3 {[%clk 1:29:14]} Rfc8 {[%clk 1:35:05]} 13. b3
{[%clk 1:29:28]} a6 {[%clk 1:34:04]} 14. Nd5 {[%clk 1:23:09]} Qxd2+
{[%clk 1:33:44]} 15. Kxd2 {[%clk 1:23:30]} Bxd5 {[%clk 1:30:42]} 16. cxd5
{[%clk 1:22:47]} e6 {[%clk 1:30:16]} 17. dxe6 {[%clk 1:17:05]} fxe6
{[%clk 1:30:41]} 18. Rxc8+ {[%clk 1:01:00]} Rxc8 {[%clk 1:30:46]} 19. Rc1
{[%clk 1:01:25]} Rxc1 {[%clk 1:27:26]} 20. Kxc1 {[%clk 1:01:53]} d5
{[%clk 1:26:01]} 21. exd5 {[%clk 0:57:42]} Nxd5 {[%clk 1:26:06]} 22. Bd2
{[%clk 0:58:00]} Kf7 {[%clk 1:23:22]} 23. Kc2 {[%clk 0:58:02]} h5
{[%clk 1:20:52]} 24. Bd3 {[%clk 0:56:55]} Be5 {[%clk 1:19:20]} 25. g3
{[%clk 0:55:04]} Bd4 {[%clk 1:16:49]} 26. Be4 {[%clk 0:51:44]} Bf2
{[%clk 1:11:24]} 27. Kd3 {[%clk 0:44:50]} Kf6 {[%clk 1:09:54]} 28. a4
{[%clk 0:37:58]} g5 {[%clk 1:06:07]} 29. Kc4 {[%clk 0:34:59]} Nb6+
{[%clk 1:03:21]} 30. Kd3 {[%clk 0:34:40]} Nd7 {[%clk 1:03:19]} 31. Bc3+
{[%clk 0:33:54]} e5 {[%clk 1:03:13]} 32. Ke2 {[%clk 0:33:54]} Bg1
{[%clk 0:59:22]} 33. Bxb7 {[%clk 0:30:18]} Nc5 {[%clk 0:58:32]} 34. Bd5
{[%clk 0:30:11]} Bxh2 {[%clk 0:58:16]} 35. Kf2 {[%clk 0:30:10]} h4
{[%clk 0:58:35]} 36. gxh4 {[%clk 0:30:33]} gxh4 {[%clk 0:58:59]} 37. Bc4
{[%clk 0:30:54]} Bg3+ {[%clk 0:30:16]} 38. Kg2 {[%clk 0:31:03]} Bf4
{[%clk 0:30:19]} 39. a5 {[%clk 0:30:38]} Be3 {[%clk 0:25:06]} 40. b4
{[%clk 1:00:24]} Nd7 {[%clk 0:54:26]} 41. Bxa6 {[%clk 1:00:33]} Ke7
{[%clk 0:50:49]} 42. Bc4 {[%clk 0:57:54]} Kd6 {[%clk 0:48:02]} 43. Be1
{[%clk 0:57:52]} Bg5 {[%clk 0:42:06]} 44. Kh3 {[%clk 0:58:03]} Nb8
{[%clk 0:41:23]} 45. Kg4 {[%clk 0:57:31]} Be3 {[%clk 0:37:34]} 46. Kxh4
{[%clk 0:55:47]} Nc6 {[%clk 0:36:58]} 47. Bd3 {[%clk 0:54:28]} Ne7
{[%clk 0:34:11]} 48. Kg4 {[%clk 0:50:32]} Nd5 {[%clk 0:31:56]} 49. Be4
{[%clk 0:50:22]} Bd4 {[%clk 0:30:19]} 50. Bxd5 {[%clk 0:45:00]} Kxd5
{[%clk 0:30:29]} 51. Kf5 {[%clk 0:45:28]} Ba7 {[%clk 0:27:03]} 52. b5
{[%clk 0:45:23]} Bb8 {[%clk 0:26:45]} 53. Bf2 {[%clk 0:45:31]} 1-0

[Event "MP do 16 lat - chlopcy"]
[Site "Sypniewo"]
[Date "2022.03.21"]
[Round "3.14"]
[White "Jedraszek, Pawel"]
[Black "Demski, Michal"]
[Result "0-1"]
[BlackElo "1678"]
[WhiteElo "1954"]
[LiveChessVersion "1.4.8"]

1. e4 {[%clk 1:30:56]} d6 {[%clk 1:30:55]} 2. d4 {[%clk 1:31:12]} Nf6
{[%clk 1:31:18]} 3. Nc3 {[%clk 1:31:25]} e5 4. Nge2 {[%clk 1:28:58]} Be7
{[%clk 1:31:53]} 5. h3 {[%clk 1:23:15]} c6 {[%clk 1:29:26]} 6. g4
{[%clk 1:23:21]} O-O {[%clk 1:25:53]} 7. Bg2 {[%clk 1:21:53]} b5 {[%clk 1:22:35]}
8. a3 {[%clk 1:22:06]} a5 {[%clk 1:16:53]} 9. O-O {[%clk 1:18:59]} Ba6
{[%clk 1:06:55]} 10. Ng3 {[%clk 1:12:44]} Re8 {[%clk 1:00:31]} 11. Nce2
{[%clk 1:11:11]} b4 {[%clk 0:55:47]} 12. f4 {[%clk 1:01:55]} Qb6 {[%clk 0:40:58]}
13. Be3 {[%clk 0:51:14]} exf4 {[%clk 0:39:13]} 14. Rxf4 {[%clk 0:38:06]} Nfd7
{[%clk 0:25:29]} 15. Rf3 {[%clk 0:36:13]} d5 {[%clk 0:18:42]} 16. e5
{[%clk 0:31:55]} f6 {[%clk 0:17:35]} 17. exf6 {[%clk 0:24:01]} Bxf6
{[%clk 0:12:59]} 18. g5 {[%clk 0:21:18]} Bd8 {[%clk 0:12:43]} 19. a4
{[%clk 0:20:49]} Nf8 {[%clk 0:12:04]} 20. Qd2 {[%clk 0:19:13]} Ng6 21. Nf5
{[%clk 0:18:38]} Bxe2 {[%clk 0:10:03]} 22. Qxe2 {[%clk 0:19:00]} Bxg5
{[%clk 0:10:13]} 23. h4 {[%clk 0:13:33]} Nxh4 {[%clk 0:07:08]} 24. Nxh4
{[%clk 0:13:35]} Bxh4 {[%clk 0:07:31]} 25. Qd3 {[%clk 0:10:42]} Bf6
{[%clk 0:06:34]} 26. c3 {[%clk 0:09:38]} Nd7 {[%clk 0:06:16]} 27. Raf1
{[%clk 0:08:01]} Qd8 {[%clk 0:05:45]} 28. Rg3 {[%clk 0:07:28]} Nf8
{[%clk 0:04:11]} 29. Bh3 {[%clk 0:07:09]} Qd6 {[%clk 0:02:20]} 30. Bf4
{[%clk 0:06:49]} Qe7 {[%clk 0:02:41]} 31. Qf5 {[%clk 0:06:19]} bxc3
{[%clk 0:01:39]} 32. bxc3 {[%clk 0:06:49]} Rad8 {[%clk 0:01:28]} 33. Bc1
{[%clk 0:06:17]} Kh8 {[%clk 0:01:19]} 34. Qg4 {[%clk 0:05:36]} Qf7
{[%clk 0:00:36]} 35. Bg5 {[%clk 0:04:56]} Rd6 {[%clk 0:00:43]} 36. Bf4
{[%clk 0:04:37]} Rde6 {[%clk 0:00:55]} 37. Qf5 {[%clk 0:02:20]} Re1
{[%clk 0:01:00]} 38. Be5 {[%clk 0:01:50]} Rxf1+ {[%clk 0:01:29]} 39. Bxf1
{[%clk 0:02:06]} Qe6 {[%clk 0:01:28]} 40. Qh5 {[%clk 0:30:36]} Bxe5
{[%clk 0:31:11]} 41. dxe5 {[%clk 0:27:57]} Qxe5 {[%clk 0:28:26]} 42. Qg4
{[%clk 0:26:29]} Ne6 {[%clk 0:22:53]} 43. Qh4 {[%clk 0:22:42]} Nc5
{[%clk 0:20:48]} 44. Rh3 {[%clk 0:21:24]} h6 {[%clk 0:20:29]} 45. Qg4
{[%clk 0:21:23]} Ne4 {[%clk 0:20:14]} 46. Bg2 {[%clk 0:16:17]} Nf2
{[%clk 0:19:07]} 47. Kxf2 {[%clk 0:15:39]} Qe1+ {[%clk 0:19:33]} 48. Kf3
{[%clk 0:15:54]} Qe3# {[%clk 0:20:00]} 0-1

[Event "MP do 16 lat - chlopcy"]
[Site "Sypniewo"]
[Date "2022.03.21"]
[Round "3.15"]
[White "Malinowski, Szymon"]
[Black "Biesiadecki, Adam"]
[Result "1-0"]
[BlackElo "1916"]
[WhiteElo "1675"]
[LiveChessVersion "1.4.8"]

1. d4 {[%clk 1:30:56]} Nf6 {[%clk 1:30:48]} 2. Bf4 {[%clk 1:31:15]} d5
{[%clk 1:31:05]} 3. Nf3 {[%clk 1:31:31]} c5 {[%clk 1:31:29]} 4. e3
{[%clk 1:31:40]} Nc6 {[%clk 1:31:54]} 5. Nc3 {[%clk 1:31:03]} a6 {[%clk 1:31:44]}
6. Be2 {[%clk 1:27:19]} e6 {[%clk 1:30:03]} 7. O-O {[%clk 1:25:43]} b5
{[%clk 1:27:47]} 8. Ne5 {[%clk 1:23:13]} Nxe5 {[%clk 1:24:19]} 9. Bxe5
{[%clk 1:23:15]} Nd7 {[%clk 1:15:17]} 10. Bg3 {[%clk 1:19:15]} cxd4
{[%clk 1:14:29]} 11. exd4 {[%clk 1:19:18]} g6 {[%clk 1:08:39]} 12. Re1
{[%clk 0:57:48]} Nb6 {[%clk 1:05:06]} 13. a4 {[%clk 0:52:57]} bxa4
{[%clk 1:00:53]} 14. Nxa4 {[%clk 0:53:17]} Nxa4 {[%clk 1:00:52]} 15. Rxa4
{[%clk 0:53:37]} Bg7 {[%clk 0:52:18]} 16. c3 {[%clk 0:41:02]} h5 {[%clk 0:41:26]}
17. h3 {[%clk 0:41:03]} h4 {[%clk 0:41:33]} 18. Bh2 {[%clk 0:41:16]} Bf8
{[%clk 0:40:23]} 19. Be5 {[%clk 0:37:24]} f6 {[%clk 0:37:27]} 20. Bf4
{[%clk 0:37:26]} Bd6 {[%clk 0:35:19]} 21. Qd2 {[%clk 0:35:22]} Qc7
{[%clk 0:31:52]} 22. Bxd6 {[%clk 0:35:04]} Qxd6 {[%clk 0:32:20]} 23. Bd3
{[%clk 0:35:20]} Kf7 {[%clk 0:32:16]} 24. Rea1 {[%clk 0:35:35]} Rh5
{[%clk 0:26:57]} 25. Qe2 {[%clk 0:34:21]} e5 {[%clk 0:24:03]} 26. Bxa6
{[%clk 0:32:15]} Bd7 {[%clk 0:17:07]} 27. Bb5 {[%clk 0:32:28]} Rxa4
{[%clk 0:17:33]} 28. Rxa4 {[%clk 0:32:47]} Bxh3 {[%clk 0:16:32]} 29. gxh3
{[%clk 0:32:31]} Rg5+ {[%clk 0:16:56]} 30. Kh1 {[%clk 0:32:37]} Qe6
{[%clk 0:17:02]} 31. Ra7+ {[%clk 0:32:56]} Kf8 {[%clk 0:17:23]} 32. Bd7
{[%clk 0:33:11]} 1-0

[Event "MP do 16 lat - chlopcy"]
[Site "Sypniewo"]
[Date "2022.03.21"]
[Round "3.16"]
[White "Kutowski, Marcel"]
[Black "Wesolek, Krzysztof"]
[Result "1/2-1/2"]
[BlackElo "1651"]
[WhiteElo "1914"]
[LiveChessVersion "1.4.8"]

1. e4 {[%clk 1:30:57]} e5 {[%clk 1:30:56]} 2. Nf3 {[%clk 1:31:22]} Nf6
{[%clk 1:31:23]} 3. d4 {[%clk 1:31:47]} Nxe4 {[%clk 1:31:31]} 4. Bd3
{[%clk 1:32:11]} d5 {[%clk 1:31:03]} 5. Nxe5 {[%clk 1:32:32]} Nd7
{[%clk 1:29:14]} 6. Nc3 {[%clk 1:32:09]} Nxc3 {[%clk 1:21:30]} 7. bxc3
{[%clk 1:32:15]} Nxe5 {[%clk 1:09:56]} 8. dxe5 {[%clk 1:32:35]} c5
{[%clk 1:09:53]} 9. O-O {[%clk 1:30:15]} c4 {[%clk 1:08:30]} 10. Be2
{[%clk 1:29:27]} Bc5 {[%clk 1:08:34]} 11. Bf3 {[%clk 1:15:32]} Be6
{[%clk 1:08:02]} 12. Qe2 {[%clk 1:14:01]} Qc7 {[%clk 1:00:10]} 13. Be3
{[%clk 1:10:55]} O-O {[%clk 0:54:17]} 14. Rfd1 {[%clk 1:06:49]} Rfd8
{[%clk 0:54:00]} 15. Rd2 {[%clk 0:57:29]} b5 {[%clk 0:36:57]} 16. Rad1
{[%clk 0:44:18]} Qc6 {[%clk 0:35:49]} 17. Bxc5 {[%clk 0:35:19]} Qxc5
{[%clk 0:36:18]} 18. Qe3 {[%clk 0:35:30]} Qa3 {[%clk 0:15:28]} 19. Bxd5
{[%clk 0:34:35]} Bxd5 {[%clk 0:15:52]} 20. Rxd5 {[%clk 0:34:51]} Rxd5
{[%clk 0:16:18]} 21. Rxd5 {[%clk 0:35:13]} Qxa2 {[%clk 0:16:17]} 22. h3
{[%clk 0:35:27]} Re8 {[%clk 0:11:36]} 23. Rxb5 {[%clk 0:32:47]} Qxc2
{[%clk 0:11:59]} 24. Ra5 {[%clk 0:32:12]} Qb1+ {[%clk 0:05:24]} 25. Kh2
{[%clk 0:32:10]} Qd3 {[%clk 0:03:28]} 26. Qxd3 {[%clk 0:23:02]} cxd3
{[%clk 0:03:55]} 27. Rxa7 {[%clk 0:23:24]} Rd8 {[%clk 0:04:21]} 28. Ra1
{[%clk 0:23:49]} g5 {[%clk 0:00:40]} 29. Rd1 {[%clk 0:23:23]} d2 {[%clk 0:00:37]}
30. Kg1 {[%clk 0:18:26]} Rd3 {[%clk 0:00:36]} 31. Kf1 {[%clk 0:18:26]} Kg7
{[%clk 0:00:47]} 32. c4 {[%clk 0:12:29]} Rd4 {[%clk 0:01:16]} 33. c5
{[%clk 0:11:36]} Rc4 {[%clk 0:01:18]} 34. Rxd2 {[%clk 0:11:59]} Rc1+
{[%clk 0:01:27]} 35. Ke2 {[%clk 0:12:13]} Rxc5 {[%clk 0:01:54]} 1/2-1/2

[Event "MP do 16 lat - chlopcy"]
[Site "Sypniewo"]
[Date "2022.03.21"]
[Round "3.17"]
[White "Madajczak, Piotr"]
[Black "Goral, Jan"]
[Result "1-0"]
[BlackElo "1618"]
[WhiteElo "1902"]
[LiveChessVersion "1.4.8"]

1. Nf3 {[%clk 1:30:57]} c5 {[%clk 1:29:39]} 2. c4 {[%clk 1:31:02]} g6
{[%clk 1:28:29]} 3. d4 {[%clk 1:28:29]} cxd4 {[%clk 1:27:31]} 4. Nxd4
{[%clk 1:28:52]} Bg7 {[%clk 1:26:41]} 5. e4 {[%clk 1:28:32]} Nc6 {[%clk 1:23:33]}
6. Be3 {[%clk 1:27:29]} Nf6 {[%clk 1:22:27]} 7. Nc3 {[%clk 1:27:45]} O-O
{[%clk 1:22:42]} 8. Be2 {[%clk 1:27:25]} d6 {[%clk 1:22:50]} 9. O-O
{[%clk 1:26:28]} Bd7 {[%clk 1:22:50]} 10. Nc2 {[%clk 1:24:49]} a5
{[%clk 1:20:56]} 11. Qd2 {[%clk 1:18:11]} a4 {[%clk 1:17:52]} 12. Rac1
{[%clk 1:15:51]} Qa5 {[%clk 1:17:52]} 13. f3 {[%clk 1:09:59]} Rfc8
{[%clk 1:12:33]} 14. Rfd1 {[%clk 1:00:43]} Ne5 {[%clk 1:05:26]} 15. Na3
{[%clk 1:00:27]} Be6 {[%clk 0:53:42]} 16. Nd5 {[%clk 0:45:38]} Qxd2
{[%clk 0:53:24]} 17. Nxf6+ {[%clk 0:44:39]} Bxf6 {[%clk 0:53:39]} 18. Rxd2
{[%clk 0:44:17]} Nd7 {[%clk 0:38:40]} 19. Rdc2 {[%clk 0:39:40]} Nc5
{[%clk 0:35:01]} 20. Nb5 {[%clk 0:34:41]} Bd7 {[%clk 0:33:06]} 21. Nc3
{[%clk 0:33:43]} e6 {[%clk 0:19:35]} 22. Rd2 {[%clk 0:25:22]} Be5
{[%clk 0:16:41]} 23. g3 Ra6 {[%clk 0:14:27]} 24. Bd4 {[%clk 0:19:27]} Bxd4+
{[%clk 0:14:15]} 25. Rxd4 {[%clk 0:19:56]} Rb6 {[%clk 0:14:02]} 26. Rc2
{[%clk 0:12:27]} Kf8 {[%clk 0:13:14]} 27. Rdd2 {[%clk 0:12:08]} Ke7 28. Nd1 Na6
{[%clk 0:11:59]} 29. Rc3 {[%clk 0:10:27]} Nb4 {[%clk 0:08:07]} 30. Ra3
{[%clk 0:08:53]} Na6 {[%clk 0:06:56]} 31. Kf2 {[%clk 0:08:00]} Nc5
{[%clk 0:06:00]} 32. Ke3 {[%clk 0:06:20]} Bc6 {[%clk 0:04:59]} 33. Rc3
{[%clk 0:05:25]} Ra8 {[%clk 0:04:54]} 34. Ra3 {[%clk 0:03:29]} Rd8
{[%clk 0:04:54]} 35. Nf2 {[%clk 0:02:28]} Rc8 {[%clk 0:03:35]} 36. Nd3
{[%clk 0:02:13]} Na6 {[%clk 0:02:42]} 37. Bd1 {[%clk 0:01:45]} Be8
{[%clk 0:02:30]} 38. Bxa4 {[%clk 0:01:09]} Rxc4 {[%clk 0:02:40]} 39. Rb3
{[%clk 0:00:49]} Rxb3 {[%clk 0:02:20]} 40. Bxb3 {[%clk 0:31:17]} Rc8
{[%clk 0:31:18]} 41. Rc2 {[%clk 0:24:16]} Rxc2 {[%clk 0:27:29]} 42. Bxc2
{[%clk 0:24:28]} Kd8 {[%clk 0:25:11]} 43. a4 {[%clk 0:22:57]} b6 {[%clk 0:23:58]}
44. b4 {[%clk 0:22:27]} Kc7 {[%clk 0:23:43]} 45. Kd4 {[%clk 0:22:16]} Kb7
{[%clk 0:22:32]} 46. Kc3 {[%clk 0:21:54]} Bd7 {[%clk 0:22:24]} 47. Kb3
{[%clk 0:19:42]} Be8 {[%clk 0:22:04]} 48. Nf2 {[%clk 0:19:55]} f5
{[%clk 0:16:54]} 49. h4 {[%clk 0:17:05]} Nb8 {[%clk 0:15:04]} 50. Kc3
{[%clk 0:14:42]} Nc6 {[%clk 0:12:40]} 51. f4 d5 52. exd5 {[%clk 0:10:53]} exd5
{[%clk 0:11:31]} 53. b5 {[%clk 0:11:05]} Nd8 {[%clk 0:02:02]} 54. Kd4
{[%clk 0:10:50]} Bf7 {[%clk 0:02:28]} 55. Ke5 {[%clk 0:09:57]} Ne6
{[%clk 0:01:44]} 56. h5 {[%clk 0:08:31]} Kc7 {[%clk 0:00:59]} 57. hxg6
{[%clk 0:07:37]} hxg6 {[%clk 0:01:28]} 58. Kf6 {[%clk 0:08:01]} Nd4
{[%clk 0:00:48]} 59. Kxf7 {[%clk 0:04:33]} Nxc2 {[%clk 0:01:16]} 60. Kxg6
{[%clk 0:04:56]} Ne3 {[%clk 0:01:22]} 61. Kg5 {[%clk 0:02:42]} Kd6
{[%clk 0:01:01]} 62. g4 {[%clk 0:02:28]} fxg4 {[%clk 0:00:43]} 63. Nxg4
{[%clk 0:02:53]} d4 {[%clk 0:00:53]} 64. Nf2 {[%clk 0:02:29]} Ke6
{[%clk 0:00:50]} 65. Nd3 {[%clk 0:02:25]} Nd5 {[%clk 0:00:33]} 66. f5+
{[%clk 0:01:53]} Ke7 {[%clk 0:00:54]} 67. Kg6 {[%clk 0:01:48]} Nc3
{[%clk 0:00:34]} 68. f6+ {[%clk 0:02:00]} Kf8 {[%clk 0:00:54]} 69. Ne5
{[%clk 0:02:23]} Ne4 {[%clk 0:00:36]} 70. Nd7+ {[%clk 0:02:47]} Ke8
{[%clk 0:00:57]} 71. f7+ {[%clk 0:03:07]} 1-0

[Event "MP do 16 lat - chlopcy"]
[Site "Sypniewo"]
[Date "2022.03.21"]
[Round "3.18"]
[White "Paprocki, Antoni"]
[Black "Bajer, Tomasz"]
[Result "1-0"]
[BlackElo "1460"]
[WhiteElo "1831"]
[LiveChessVersion "1.4.8"]

1. e4 {[%clk 1:30:56]} c5 {[%clk 1:30:56]} 2. Nf3 {[%clk 1:31:04]} g6
{[%clk 1:31:10]} 3. d4 {[%clk 1:31:03]} cxd4 {[%clk 1:31:34]} 4. Nxd4
{[%clk 1:31:22]} Bg7 {[%clk 1:32:01]} 5. Be3 {[%clk 1:28:36]} Nc6
{[%clk 1:30:11]} 6. Nc3 {[%clk 1:27:42]} Nf6 {[%clk 1:29:44]} 7. Bc4
{[%clk 1:27:17]} O-O {[%clk 1:29:36]} 8. f3 {[%clk 1:26:31]} e6 {[%clk 1:20:37]}
9. Nxc6 {[%clk 1:14:41]} bxc6 {[%clk 1:20:56]} 10. Bc5 {[%clk 1:11:44]} Re8
{[%clk 1:21:21]} 11. Bd6 {[%clk 1:11:30]} Nd5 {[%clk 1:21:28]} 12. Qd2
{[%clk 0:54:45]} Qa5 {[%clk 1:16:27]} 13. Nxd5 {[%clk 0:48:09]} Qxd2+
{[%clk 1:15:44]} 14. Kxd2 {[%clk 0:48:33]} exd5 {[%clk 1:15:30]} 15. exd5
{[%clk 0:48:28]} Bh6+ {[%clk 0:41:08]} 16. f4 {[%clk 0:38:58]} Bxf4+
{[%clk 0:35:53]} 17. Bxf4 {[%clk 0:39:23]} Re4 {[%clk 0:36:19]} 18. Kd3
{[%clk 0:39:19]} Rxf4 {[%clk 0:36:12]} 19. Rhf1 {[%clk 0:35:29]} Rxc4
{[%clk 0:34:56]} 20. Kxc4 {[%clk 0:35:47]} Ba6+ {[%clk 0:35:20]} 21. Kc5
{[%clk 0:35:33]} Bxf1 {[%clk 0:35:41]} 22. Rxf1 {[%clk 0:35:58]} Rb8
{[%clk 0:30:20]} 23. dxc6 {[%clk 0:35:37]} dxc6 {[%clk 0:30:43]} 24. b3
{[%clk 0:34:21]} Re8 {[%clk 0:30:36]} 25. Rf2 {[%clk 0:30:46]} Re6
{[%clk 0:29:46]} 26. c4 {[%clk 0:29:21]} Kf8 {[%clk 0:29:29]} 27. b4
{[%clk 0:29:38]} Ke7 {[%clk 0:28:49]} 28. Rd2 {[%clk 0:30:03]} f5
{[%clk 0:26:09]} 29. a4 {[%clk 0:29:24]} a6 {[%clk 0:20:32]} 30. a5
{[%clk 0:24:10]} f4 {[%clk 0:19:51]} 31. Kb6 {[%clk 0:22:46]} Re4
{[%clk 0:19:41]} 32. Rc2 {[%clk 0:21:50]} Kd7 {[%clk 0:18:49]} 33. Kxa6
{[%clk 0:21:01]} Kc7 {[%clk 0:18:37]} 34. Ka7 {[%clk 0:20:40]} g5
{[%clk 0:16:56]} 35. b5 {[%clk 0:20:58]} Re7 {[%clk 0:16:09]} 36. b6+
{[%clk 0:20:28]} Kc8+ {[%clk 0:15:18]} 37. Ka8 {[%clk 0:18:53]} g4
{[%clk 0:13:25]} 38. a6 {[%clk 0:18:51]} Re8 {[%clk 0:13:36]} 39. b7+
{[%clk 0:18:41]} Kc7+ {[%clk 0:13:43]} 40. Ka7 {[%clk 0:49:06]} f3
{[%clk 0:44:03]} 41. gxf3 {[%clk 0:49:29]} gxf3 {[%clk 0:43:49]} 42. Rf2
{[%clk 0:49:39]} Rf8 {[%clk 0:43:29]} 43. Rxf3 {[%clk 0:49:57]} Rxf3
{[%clk 0:43:54]} 44. b8=Q+ {[%clk 0:50:21]} 1-0

[Event "MP do 16 lat - chlopcy"]
[Site "Sypniewo"]
[Date "2022.03.21"]
[Round "3.19"]
[White "Rzenca, Jerzy"]
[Black "Wiatrowski, Zbigniew"]
[Result "1/2-1/2"]
[BlackElo "1880"]
[WhiteElo "1586"]
[LiveChessVersion "1.4.8"]

1. e4 {[%clk 1:30:58]} c5 {[%clk 1:30:57]} 2. Nc3 {[%clk 1:31:23]} e6
{[%clk 1:31:23]} 3. f4 {[%clk 1:31:48]} a6 {[%clk 1:31:35]} 4. g3
{[%clk 1:31:00]} b5 {[%clk 1:28:43]} 5. Bg2 {[%clk 1:30:51]} Bb7 {[%clk 1:28:36]}
6. d3 {[%clk 1:30:50]} d5 {[%clk 1:26:47]} 7. Qe2 {[%clk 1:30:09]} b4
{[%clk 1:18:35]} 8. exd5 {[%clk 1:10:28]} bxc3 {[%clk 1:10:17]} 9. dxe6
{[%clk 1:10:53]} Bxg2 {[%clk 1:01:28]} 10. exf7+ {[%clk 1:10:55]} Kxf7
{[%clk 1:01:04]} 11. Qxg2 {[%clk 1:11:02]} Ra7 {[%clk 0:51:37]} 12. Nf3
{[%clk 1:08:56]} Nf6 {[%clk 0:50:18]} 13. Ne5+ {[%clk 1:06:10]} Kg8
{[%clk 0:49:13]} 14. bxc3 {[%clk 1:03:46]} Qd5 {[%clk 0:44:32]} 15. O-O
{[%clk 0:59:01]} Qxg2+ {[%clk 0:38:58]} 16. Kxg2 {[%clk 0:59:29]} Nbd7
{[%clk 0:38:22]} 17. Re1 {[%clk 0:52:41]} Nxe5 {[%clk 0:31:10]} 18. fxe5
{[%clk 0:52:49]} Nd5 {[%clk 0:30:48]} 19. Rb1 {[%clk 0:38:12]} h6
{[%clk 0:23:39]} 20. Rb8 {[%clk 0:34:33]} Kh7 {[%clk 0:23:41]} 21. Ba3
{[%clk 0:32:24]} Be7 {[%clk 0:19:27]} 22. Rxh8+ {[%clk 0:24:09]} Kxh8
{[%clk 0:19:56]} 23. c4 {[%clk 0:21:46]} Nc3 {[%clk 0:16:12]} 24. Rf1
{[%clk 0:22:11]} Kg8 {[%clk 0:14:34]} 25. e6 {[%clk 0:22:02]} Ne2
{[%clk 0:13:43]} 26. Bb2 {[%clk 0:16:25]} Nd4 {[%clk 0:12:30]} 27. Bxd4
{[%clk 0:16:12]} cxd4 {[%clk 0:12:59]} 28. Kf3 {[%clk 0:16:41]} Bf6
{[%clk 0:08:43]} 29. Rb1 {[%clk 0:15:42]} Rc7 {[%clk 0:07:17]} 30. Rb8+
{[%clk 0:15:35]} Kh7 {[%clk 0:07:32]} 31. Rb6 {[%clk 0:14:50]} Kg6
{[%clk 0:06:50]} 32. Rxa6 {[%clk 0:11:24]} Kf5 {[%clk 0:07:04]} 33. a4
{[%clk 0:10:05]} Ke5 {[%clk 0:06:39]} 34. Ra5+ {[%clk 0:06:51]} Kxe6
{[%clk 0:06:51]} 35. Rd5 {[%clk 0:07:20]} Ra7 {[%clk 0:05:15]} 36. a5
{[%clk 0:07:44]} Bg5 {[%clk 0:04:57]} 37. Ke4 {[%clk 0:05:46]} Bd2
{[%clk 0:05:05]} 38. Kxd4 {[%clk 0:05:29]} Bxa5 {[%clk 0:05:01]} 39. Re5+
{[%clk 0:04:36]} Kf6 {[%clk 0:04:52]} 40. Re2 {[%clk 0:34:12]} Bb4
{[%clk 0:32:20]} 41. Kd5 {[%clk 0:28:46]} Rc7 {[%clk 0:32:23]} 42. Rf2+
{[%clk 0:16:19]} Ke7 {[%clk 0:28:11]} 43. Re2+ {[%clk 0:15:45]} Kf6
{[%clk 0:28:12]} 44. Rf2+ {[%clk 0:15:54]} 1/2-1/2

[Event "MP do 16 lat - chlopcy"]
[Site "Sypniewo"]
[Date "2022.03.21"]
[Round "3.20"]
[White "Bochenek, Ryszard"]
[Black "Czernecki, Andrzej"]
[Result "0-1"]
[BlackElo "1848"]
[WhiteElo "1530"]
[LiveChessVersion "1.4.8"]

1. e4 {[%clk 1:30:57]} c5 {[%clk 1:30:52]} 2. Nf3 {[%clk 1:31:16]} Nc6
{[%clk 1:31:16]} 3. d4 {[%clk 1:31:34]} cxd4 {[%clk 1:31:42]} 4. Nxd4
{[%clk 1:31:59]} Nf6 {[%clk 1:32:04]} 5. Nc3 {[%clk 1:32:19]} d6 {[%clk 1:32:30]}
6. Bc4 {[%clk 1:32:39]} e6 {[%clk 1:32:47]} 7. Be3 {[%clk 1:32:26]} Qc7
{[%clk 1:32:40]} 8. Qe2 {[%clk 1:31:57]} a6 {[%clk 1:32:17]} 9. O-O-O
{[%clk 1:30:49]} Nxd4 {[%clk 1:28:16]} 10. Rxd4 {[%clk 1:22:27]} Be7
{[%clk 1:25:57]} 11. Bb3 {[%clk 1:22:28]} O-O {[%clk 1:25:50]} 12. f3
{[%clk 1:16:55]} Nd7 {[%clk 1:21:35]} 13. Rdd1 {[%clk 1:13:38]} Nc5
{[%clk 1:18:48]} 14. g4 {[%clk 1:10:12]} b5 {[%clk 1:16:25]} 15. h4
{[%clk 1:08:33]} Bd7 {[%clk 1:12:03]} 16. g5 {[%clk 1:03:26]} b4 {[%clk 1:10:33]}
17. Nb1 {[%clk 1:03:08]} a5 {[%clk 1:08:58]} 18. Nd2 {[%clk 0:59:40]} a4
{[%clk 1:04:46]} 19. Bc4 {[%clk 1:00:00]} b3 {[%clk 1:04:50]} 20. cxb3
{[%clk 0:57:08]} axb3 {[%clk 1:04:46]} 21. a3 {[%clk 0:56:14]} d5
{[%clk 1:04:41]} 22. exd5 {[%clk 0:55:16]} exd5 {[%clk 1:05:03]} 23. Bf4
{[%clk 0:54:53]} Qxf4 {[%clk 1:04:30]} 24. Qxe7 {[%clk 0:55:13]} Qc7
{[%clk 1:03:19]} 0-1

[Event "MP do 16 lat - chlopcy"]
[Site "Sypniewo"]
[Date "2022.03.21"]
[Round "3.21"]
[White "Trzebinski, Patryk"]
[Black "Karut, Kacper"]
[Result "1-0"]
[BlackElo "1763"]
[WhiteElo "1711"]
[LiveChessVersion "1.4.8"]

1. e4 {[%clk 1:30:58]} c6 {[%clk 1:30:45]} 2. d4 {[%clk 1:30:57]} d5
{[%clk 1:31:07]} 3. exd5 {[%clk 1:30:56]} cxd5 {[%clk 1:31:33]} 4. c4
{[%clk 1:31:20]} Nf6 {[%clk 1:31:29]} 5. Nc3 {[%clk 1:31:08]} e6 {[%clk 1:31:47]}
6. c5 {[%clk 1:31:29]} Be7 {[%clk 1:31:37]} 7. Nf3 {[%clk 1:31:48]} O-O
{[%clk 1:30:08]} 8. Bd3 {[%clk 1:31:05]} b6 {[%clk 1:28:47]} 9. b4
{[%clk 1:31:24]} a5 {[%clk 1:26:15]} 10. Na4 {[%clk 1:31:30]} Nbd7
{[%clk 1:23:53]} 11. a3 {[%clk 1:24:28]} axb4 {[%clk 1:19:01]} 12. axb4
{[%clk 1:24:49]} bxc5 {[%clk 1:17:47]} 13. bxc5 {[%clk 1:25:11]} e5
{[%clk 1:14:12]} 14. Nxe5 {[%clk 1:10:05]} Nxe5 {[%clk 1:11:50]} 15. dxe5
{[%clk 1:10:28]} Ne4 {[%clk 1:02:38]} 16. O-O {[%clk 0:53:06]} Nxc5
{[%clk 1:00:02]} 17. Bc2 {[%clk 0:49:00]} Bd7 {[%clk 0:35:21]} 18. Be3
{[%clk 0:41:26]} Bxa4 {[%clk 0:32:18]} 19. Bxa4 {[%clk 0:41:37]} Nxa4
{[%clk 0:32:30]} 20. Rxa4 {[%clk 0:42:00]} Rxa4 {[%clk 0:32:41]} 21. Qxa4
{[%clk 0:42:27]} Qc7 {[%clk 0:31:57]} 22. Qd4 {[%clk 0:42:01]} Rd8
{[%clk 0:30:56]} 23. Rc1 {[%clk 0:40:56]} Qb7 {[%clk 0:26:08]} 24. h3
{[%clk 0:39:15]} h6 {[%clk 0:23:45]} 25. Qg4 {[%clk 0:36:01]} Qa6
{[%clk 0:20:50]} 26. Bd4 {[%clk 0:34:24]} Qe6 {[%clk 0:19:35]} 27. Rc7
{[%clk 0:30:28]} Qxg4 {[%clk 0:18:35]} 28. hxg4 {[%clk 0:30:54]} Bf8
{[%clk 0:14:03]} 29. f4 {[%clk 0:29:46]} Ra8 {[%clk 0:12:49]} 30. Rd7
{[%clk 0:28:13]} Ra4 {[%clk 0:11:31]} 31. Be3 {[%clk 0:27:50]} Ra5
{[%clk 0:11:22]} 32. Rd8 {[%clk 0:27:39]} Ra1+ {[%clk 0:04:51]} 33. Kh2
{[%clk 0:27:08]} Ra5 {[%clk 0:05:16]} 34. f5 {[%clk 0:27:09]} d4 {[%clk 0:04:33]}
35. Bxd4 {[%clk 0:27:24]} g6 {[%clk 0:03:09]} 36. e6 {[%clk 0:27:22]} 1-0